000 00783nam a2200229Ii 4500
003 JO-AjNU
008 230605s9999||||xx |||||||||||||| ||und||
017 _a1985/2529
020 _a977-307-049-2
040 _aJO-AjNU
_bara
_erda
_cJO-AjNU
041 _aara
050 1 4 _aHD6338.4 .M8748 1985
100 3 _aاعداد:سيد عبد الحميد مرسي,
_eauthor
_916241
245 0 0 _aالشخصية المنتجة
264 3 1 _aالقاهرة:دار التوفيق النموذجية،1985
300 _a170ص
_bببليوجرافية : ص. 165-170.
336 _atext
_btxt
_2rdacontent
337 _aunmediated
_bn
_2rdamedia
338 _avolume
_bnc
_2rdacarrier
490 0 _aدراسات نفسية اسلامية 3
650 4 _aعلم النفس الصناعي
_916242
999 _aA4769
_c8337
_d8337